000 00506nam a2200169 i 4500
001 134260
003 ES-MaACL
005 20230906194632.0
007 t|
008 070907s1945 sp ||||1| spa d
100 1 _aWast, Hugo.
_9116159
245 1 4 _aLas aventuras de Don Bosco /
_cHugo Wast.
260 _aBurgos :
_bAldecoa,
_c1945.
300 _a2 v. ;
_c19 cm.
505 8 _aContiene: I. Bajo el reino de Carlos Alberto -- II. Bajo el reinado de Pío IX
852 _aES-MaACL
_jB-10577-78
_bR.21806
999 _c134260
_d134260